<?xml version="1.0" encoding="UTF-8"?><?xml-stylesheet type="text/xsl" href="static/style.xsl"?><OAI-PMH xmlns="http://www.openarchives.org/OAI/2.0/" xmlns:xsi="http://www.w3.org/2001/XMLSchema-instance" xsi:schemaLocation="http://www.openarchives.org/OAI/2.0/ http://www.openarchives.org/OAI/2.0/OAI-PMH.xsd"><responseDate>2026-04-17T10:50:44Z</responseDate><request verb="GetRecord" identifier="oai:www.recercat.cat:10256/21372" metadataPrefix="marc">https://recercat.cat/oai/request</request><GetRecord><record><header><identifier>oai:recercat.cat:10256/21372</identifier><datestamp>2024-05-22T11:30:28Z</datestamp><setSpec>com_2072_452966</setSpec><setSpec>com_2072_2054</setSpec><setSpec>col_2072_452968</setSpec></header><metadata><record xmlns="http://www.loc.gov/MARC21/slim" xmlns:dcterms="http://purl.org/dc/terms/" xmlns:xsi="http://www.w3.org/2001/XMLSchema-instance" xmlns:doc="http://www.lyncode.com/xoai" xsi:schemaLocation="http://www.loc.gov/MARC21/slim http://www.loc.gov/standards/marcxml/schema/MARC21slim.xsd">
   <leader>00925njm 22002777a 4500</leader>
   <datafield ind2=" " ind1=" " tag="042">
      <subfield code="a">dc</subfield>
   </datafield>
   <datafield ind2=" " ind1=" " tag="720">
      <subfield code="a">Rost Bahí, Alba</subfield>
      <subfield code="e">author</subfield>
   </datafield>
   <datafield ind2=" " ind1=" " tag="260">
      <subfield code="c">2022-06</subfield>
   </datafield>
   <datafield ind2=" " ind1=" " tag="520">
      <subfield code="a">L’objectiu principal d’aquest estudi consisteix a descriure i analitzar la simbologia i la presència de les flors en l’obra de Mercè Rodoreda, així com, també, observar l’evolució d’aquest fenomen. &#xd;
El treball consisteix a realitzar una mena de buidatge botànic de les seves obres més importants (Aloma (1969), La plaça del Diamant (1962), El carrer de les Camèlies (1966), Jardí vora el mar (1967), Mirall trencat (1974) i Quanta, quanta guerra… (1980)), analitzar el paper que juguen les flors en cada una d’elles, cercar les més recurrents i descriure l’evolució d’aquesta simbologia. Una altra part del treball, estretament lligada a la primera, consisteix a indagar en l’entorn floral de l’escriptora al llarg de la seva vida, el jardí del casal Gurguí de la seva infantesa a Sant Gervasi, el jardí de Can Brusi, els jardins de Luxemburg a París, el jardí dels seus somnis a Romanyà, etc., per entendre la relació de les flors de la seva vida amb la seva obra</subfield>
   </datafield>
   <datafield ind1="8" ind2=" " tag="024">
      <subfield code="a">http://hdl.handle.net/10256/21372</subfield>
   </datafield>
   <datafield tag="653" ind2=" " ind1=" ">
      <subfield code="a">Simbolisme en la literatura</subfield>
   </datafield>
   <datafield tag="653" ind2=" " ind1=" ">
      <subfield code="a">Symbolism in literature</subfield>
   </datafield>
   <datafield tag="653" ind2=" " ind1=" ">
      <subfield code="a">Mercè Rodoreda -- Simbolisme</subfield>
   </datafield>
   <datafield tag="653" ind2=" " ind1=" ">
      <subfield code="a">Flors en la literatura</subfield>
   </datafield>
   <datafield tag="653" ind2=" " ind1=" ">
      <subfield code="a">Flowers in literature</subfield>
   </datafield>
   <datafield tag="653" ind2=" " ind1=" ">
      <subfield code="a">Jardins en la literatura</subfield>
   </datafield>
   <datafield tag="653" ind2=" " ind1=" ">
      <subfield code="a">Gardens in literature</subfield>
   </datafield>
   <datafield ind2="0" ind1="0" tag="245">
      <subfield code="a">Les Veritables "flors de de debò" en la narrativa de Mercè Rodoreda: la simbologia de les flors en l'obra de Mercè Rodoreda</subfield>
   </datafield>
</record></metadata></record></GetRecord></OAI-PMH>